000
00260nam a22001217a 4500
008
260116b ||||| |||| 00| 0 eng d
041
_a
eng
080
_a
0003
100
_a
20
101
_a
art
245
_a
New Homes Journal
_c
Cedar Creek
942
_2
lcc
_c
BK
999
_c
60754
_d
60754